100 Monuments célèbres du Monde - Statistiques

Statistiques générales
  • Ce quiz a été pris 954 fois
    786 depuis la dernière actualisation
  • Le résultat moyen est 28 sur 100
Statistiques - réponses
Par images Réponse % Correct
Tour Eiffel
94%
Mont Saint-Michel
93%
Statue de la Liberté
86%
Arc de Triomphe
82%
Colisée
79%
Notre-Dame de Paris
77%
Machu Picchu
74%
Opéra de Sydney
73%
Empire State Building
72%
Grande Muraille de Chine
72%
Louvre
71%
Tour de Pise
69%
Parthénon
66%
Sagrada Familia
65%
Big Ben
64%
Moulin Rouge
63%
Le Christ Rédempteur
62%
Mont Rushmore
62%
Petra
62%
Taj mahal
62%
Pont du Golden Gate
60%
Chateau de Chambord
52%
Le Panthéon
52%
Panthéon
51%
Pont du Gard
51%
Viaduc de Millau
50%
Burj Khalifa
48%
Chateau de Versailles
46%
Porte de Brandebourg
45%
Cité interdite
44%
Sphinx de Gizeh
44%
Fontaine de Trévi
37%
Pyramides de Gizeh
37%
Tower Bridge
36%
Cathédrale de Reims
35%
stonehenge
35%
Atomium
33%
Opéra Garnier
32%
Buckingham Palace
31%
Basilique Saint-Pierre
30%
Pont de Brooklyn
27%
Basilique du Sacré-Coeur
26%
Arène de Nimes
25%
Cathédrale de Strasbourg
24%
Les Invalides
21%
Basilique Sainte-Sophie
19%
Chateau de Chenonceau
19%
La tour de Belém
19%
Maison Carré
18%
Duomo
16%
Cathédrale de Chartres
15%
Mosquée Bleue
15%
Temple d'Angkor
14%
Tour de Tokyo
14%
Cathédrale d'Amiens
13%
Cathédrale de Cologne
13%
Château de Neuschwanstein
10%
Tour Petronas
10%
Hospices de Beaune
9%
palais de westminster
9%
British Museum
8%
Burj Al-Arab
8%
Château du Haut-Koenigsbourg
8%
Giverny
8%
Basilique Saint-Marc
7%
La Cathédrale Saint Paul
7%
Tour CN
7%
Cathédrale Basile-le-Bienheureux
6%
Le Ponte Vecchio
6%
Parlement de Budapest
6%
Taipei 101
6%
Palais des Papes
5%
Statue Moaï
5%
Cathédrale d'Aix-la-Chapelle
4%
Château Frontenac
4%
Campanile de Venise
3%
L'Alhambra
3%
L'Ermitage
3%
National Gallery
3%
Pyramide de Chichen itza
3%
Temple de Borobudur
3%
Basilique de Saint-Denis
2%
Capitole des États-Unis
2%
Chateau d'Osaka
2%
Le grand Boudahh
2%
Le Pont Doré
2%
Mosquée al-Harâm
2%
Musée du Prado
2%
Cathédrale de Palma de Majorque
1%
Cathédrale de Saint-Jacques de Compostelle
1%
Grande Mosquée de Djenné
1%
Le château de Schönbrunn
1%
Mosquée-Cathédrale de Cordoue
1%
Statue de l'Unité
1%
BasilCathédrale Sainte-Marie-de-la-Fleur de Florence
0%
Le Bouddha du Temple de la Source
0%
Le palais de Peterhof
0%
Les statues du parc de Vigeland
0%
Les temples de Bagan
0%
Temple Kiyomizu-dera
0%
Aucun quiz correspondant
Distribution des résultats
% des personnes avec chaque résultat
Percentile par nombre de réponses
Votre historique - résultats
Vous n’avez pas pris ce quiz depuis la dernière actualisation